00979nas a2200229Ia 4500001001100000003000900011008004100020040001300061040001300074041001300087100004200100210001000142222001000152245010200162250001100264260004700275501008600322300001700408362002500425500026000450650003900710R709/A7519IT-RoPAU151124c99999999xx |||||||||||| ||und|| aIT-RoPAU cIT-RoPAU aFRANCESE aMottet JeangCodice Aut. SPICS: 21830 aEIDOS aEidos aEIDOS, 1991-N.06 (NOVEMBRE)bTemps Et L'Espace De la Fiction Televisee (Le): Le Cas Du Soap Opera a1a ed. aTOURSbUNIVERSITE' FRANCOIS RABELAISc1991 bPaulus - SPICS - Società San Paolo EM (non-commercial uses only)cCopyright2015 a13 p. [1-13] aN.06 (NOVEMBRE 1991) aTempo e Spazio della Fiction Televisiva: Caso della Soap Opera. Durata Delracconto, Tempo della Storia e Tempo della Vita. Discorso del Presente O la Diegesi Impossibile. Nuovo Patto Enunciativo. Spazio, Punto di Vista e Relazione con Lo Spettatore. Dista aSEMIOTICAvPUBBLICAZIONE PERIODICA